| 000 | 00763cac a2200253 a 4500 | ||
|---|---|---|---|
| 003 | Co-PeBPM | ||
| 005 | 20250325121352.0 | ||
| 008 | 231129e1979||||xx |||||||||||||| ||spa|| | ||
| 020 | _a8422609933 | ||
| 040 | 0 |
_aCo-PeBPM _bspa _cCo-PeBPM _erda |
|
| 041 | _aspa | ||
| 082 | 0 | 4 |
_a155.333 H674s _222 |
| 100 | 1 |
_aHite, Shere _eAutor |
|
| 245 | 1 | 0 |
_aSinceridad Sexual _b: Así Nació El Informe Hite _c/ Shere Hite |
| 260 |
_aBogotá, Colombia _b: Editorial Circulo De Lectores _c, 1979 |
||
| 300 |
_a389 Páginas _c; 12 Centímetros |
||
| 500 | _aIncluye Índice. | ||
| 650 | 1 | 4 |
_2LEMB _aConducta Sexual Femenina |
| 650 | 1 | 4 |
_2LEMB _aSexo |
| 650 | 1 | 4 |
_2LEMB _aInvestigaciones |
| 650 | 1 | 4 |
_2LEMB _aEstados Unidos |
| 700 |
_aJ.B _eTraducción |
||
| 942 |
_2ddc _cBK |
||
| 999 |
_c24649 _d24649 |
||